|
|
|
|
| LEADER |
01312nam a2200301 a 4500 |
| 001 |
2807906 |
| 008 |
091206s1983 ctu b 101 0 eng d |
| 010 |
|
|
|a \\\82083847
|
| 020 |
|
|
|a 0931816300
|
| 040 |
|
|
|a DLC
|c DLC
|d DLC
|
| 082 |
0 |
0 |
|a 338.9/009172/4
|2 19
|
| 245 |
0 |
0 |
|a Bureaucracy and the poor :
|b closing the gap /
|c edited by David C. Korten, Felipe B. Alfonso.
|
| 260 |
|
|
|a West Hartford, Conn. :
|b Kumarian Press,
|c c1983.
|
| 300 |
|
|
|a xviii, 258 p. ;
|c 23 cm.
|
| 490 |
0 |
|
|a Library of management for development
|
| 504 |
|
|
|a Includes bibliographical references and index.
|
| 541 |
1 |
|
|e 00002500
|
| 650 |
|
0 |
|a Poor
|x Government policy
|z Developing countries
|x Congresses.
|
| 650 |
|
0 |
|a Rural poor
|x Government policy
|z Developing countries
|x Congresses.
|
| 650 |
|
0 |
|a Rural development
|x Government policy
|x Congresses.
|
| 650 |
|
0 |
|a Economic assistance, Domestic
|z Developing countries
|x Congresses.
|
| 650 |
|
0 |
|a Bureaucracy
|x Congresses.
|
| 651 |
|
0 |
|a Developing countries
|x Social policy
|x Congresses.
|
| 700 |
1 |
|
|a Korten, David C.
|
| 700 |
1 |
|
|a Alfonso, Felipe B.,
|d 1937-
|
| 852 |
4 |
|
|a Ayesha Abed Library
|j General shelf
|
| 999 |
|
|
|c 5995
|d 5995
|
| 952 |
|
|
|0 0
|1 0
|2 ddc
|4 0
|6 338_900917240000000_BUR_1985
|7 0
|9 5981
|a BRACUL
|b BRACUL
|c GEN
|d 2009-12-07
|g 1880.00
|l 0
|o 338.90091724 BUR
|p 3010002500
|r 2009-12-07
|t 1
|w 2009-12-07
|y BK
|